000 005110000a22001930004500
001 002111
003 MACL
005 20150910141310.0
008 150910b xxu||||| |||| 00| 0 eng d
040 _aMACL
_cMACL
041 _aEnglish
082 _a821/VAI
100 _aVijpeyi, Ashoka
_99898
245 _aBeyond Border
_bAn Anthology Of Poetry
_cAshoka Vijpeyi
260 _aNew Delhi
_c2003
_bFoundation Of SAARC Writers And Literature,
350 _a275
650 _aPoetry
_99899
942 _k821
_cBK
_2ddc
999 _c14027
_d14027